| Поле | Инд. | ПП | Название | Значение |
|---|---|---|---|---|
| Тип записи | a | |||
| Библиографический уровень | a | |||
| 001 | Контрольный номер | 4c981a83745f4705812a153edd07a4f9 | ||
| 005 | Дата корректировки | 20181124200622.1 | ||
| 100 | a | Данные общей обработки | 20181107 ||| 0rusy0189 ca | |
| 101 | 0_ | a | Язык текста | rus |
| 102 | a | Страна публикации | RU | |
| 200 | 1_ | f | Первые сведения об ответственности | Р.Н. Боровских, У.Н. Бедренко |
| a | Заглавие | Особенности криминалистической характеристики присвоения и растраты, совершенных в сфере страхования | ||
| b | Общее обозначение материала | Текст | ||
| 210 | d | Дата издания | 2017 | |
| 461 | _0 | 1 | 2000 | |
| a | Закон и право | |||
| 463 | _0 | 1 | 2000 | |
| a | №5 | |||
| v | С. 98-107 | |||
| 1 | 2101 | |||
| d | 2017 | |||
| 1 | 00191d7ded28eea4f83ae1c9acbbc38d378 | |||
| 606 | a | Основная рубрика | Криминалистика | |
| 610 | 0_ | a | Ключевые слова | ПРИСВОЕНИЕ И РАСТРАТА |
| a | Ключевые слова | СТРАХОВАНИЕ | ||
| a | Ключевые слова | ПРЕСТУПЛЕНИЯ ПРОТИВ СОБСТВЕННОСТИ | ||
| 700 | _1 | a | Фамилия | Боровских |
| b | Имя | Р.Н. | ||
| 701 | _1 | a | Фамилия | Бедренко |
| b | Имя | У.Н. | ||
| 801 | _0 | a | Страна | RU |
| b | Организация | РГУП | ||
| c | Дата составления | 20181107 | ||
| g | Правила каталогизации | PSBO | ||
| 801 | _1 | a | Страна | RU |
| b | Организация | РГУП | ||
| c | Дата составления | 20181107 | ||
| g | Правила каталогизации | PSBO | ||
| 901 | t | Тип документа | b | |
| w | Контрольный № источника | 91d7ded28eea4f83ae1c9acbbc38d378 | ||
| 905 | a | Дата ввода | 20181107 |